000 00722nam a2200217 i 4500
001 101952
003 ES-MaACL
005 20250816062535.0
007 t|
008 051028s1981 sp ||||1| spa d
100 1 _aMelotti, Umberto.
_980029
245 1 3 _aEl hombre entre la naturaleza y la historia
_b: la dialéctica de los orígenes /
_cUmberto Melotti; [traducción de Ricardo Pochtar].
250 _a[1ª ed.].
260 _aBarcelona :
_bPenínsula,
_c1981.
300 _a441 p. ;
_c20 cm.
490 1 _aHistoria, ciencia, sociedad
700 1 _aPochtar, Ricardo.
_992703
830 0 0 _aHistoria, ciencia, sociedad (Península)
_9177444
852 _aES-MaACL
_jL-1869
_bR.102486
999 _c101952
_d101952